000 00361nam a2200145Ia 4500
008 230917s9999||||xx |||||||||||||| ||und||
040 _e72711
_aMAIN
041 _aEnglish
082 _a658 C625C
100 _aClough, Donald J
245 0 _aConcepts in management science
260 _aNew Delhi
_bPrentice Hall
_c1980
300 _avi, 425 p.
942 _cBK
999 _c219049
_d219049